[Event "Hamburg-ch Seniors 65+"]
[Site "Hamburg"]
[Date "2018.11.03"]
[Round "4"]
[White "Kibilka, Ulrich"]
[Black "Raedisch, Peter"]
[Result "1-0"]
[WhiteElo "1512"]
[BlackElo "1659"]
[PlyCount "135"]
[EventDate "2018.10.31"]
[EventType "swiss"]
[EventRounds "9"]
[EventCountry "GER"]
[SourceTitle "CBM 189 Extra"]
[Source "ChessBase"]
[SourceDate "2019.06.03"]
[SourceVersion "1"]
[SourceVersionDate "2019.06.03"]
[SourceQuality "1"]

1. Nf3 Nc6 2. d4 d5 3. c3 Nf6 4. Bg5 e6 5. e3 h6 6. Bxf6 Qxf6 7. Bd3 Bd6 8. 0-0 Bd7 9. Nbd2 g5 10. e4 Qg7 11. e5 Be7 12. h3 g4 13. hxg4 Qxg4 14. Nh2 Qg7 15. Ng4 0-0-0 16. Qf3 Rdg8 17. Nf6 Bxf6 18. exf6 Qg5 19. Rad1 h5 20. Nb3 Rh6 21. Nc5 Rxf6 22. Qh3 h4 23. f4 Qg3 24. Kh1 Rxf4 25. Rxf4 Qxf4 26. Rf1 Qg3 27. Rxf7 Qxh3+ 28. gxh3 Be8 29. Rh7 Nd8 30. Rxh4 b6 31. Nb3 Kb7 32. Kh2 Bd7 33. Nd2 Rf8 34. Kg3 Rf6 35. Rh7 Kc6 36. Nf3 Be8 37. a4 Kb7 38. Rh8 Bg6 39. Bxg6 Rxg6+ 40. Kh2 Nc6 41. b4 a6 42. h4 b5 43. a5 Rf6 44. Kg3 Ne7 45. h5 Nf5+ 46. Kh3 Nd6 47. Ne5 Nf7 48. Nxf7 Rxf7 49. Kg4 Rg7+ 50. Kf4 Kc6 51. Ke5 Rg3 52. h6 Rxc3 53. h7 Rh3 54. Kxe6 Rh6+ 55. Kf7 Rh1 56. Kg6 Kd7 57. Rg8 Rg1+ 58. Kf6 Rf1+ 59. Ke5 Re1+ 60. Kxd5 c6+ 61. Kc5 Kc7 62. Rg7+ Kd8 63. h8Q+ Re8 64. Qh4+ Kc8 65. Qg4+ Kb8 66. Qd7 Re5+ 67. Kb6 Re7 68. Qd8# 1-0

[Event "Hamburg-chB"]
[Site "Hamburg"]
[Date "2018.05.21"]
[Round "3"]
[White "Behrendt, Denzell"]
[Black "Kibilka, Ulrich"]
[Result "0-1"]
[WhiteElo "1200"]
[BlackElo "1204"]
[PlyCount "149"]
[EventDate "2018.05.19"]
[EventType "swiss"]
[EventRounds "7"]
[EventCountry "GER"]
[SourceTitle "EXT 2020"]
[Source "ChessBase"]
[SourceDate "2019.10.17"]
[SourceVersion "1"]
[SourceVersionDate "2019.10.17"]
[SourceQuality "1"]

1. e4 d6 2. Nf3 Nd7 3. d4 c6 4. c4 Qc7 5. Nc3 e5 6. d5 Ngf6 7. Bg5 Be7 8. Be2 0-0 9. 0-0 a6 10. Rc1 h6 11. Bh4 Qd8 12. h3 Rb8 13. a4 c5 14. Qc2 Nh7 15. Bxe7 Qxe7 16. Bd3 Ng5 17. Nxg5 Qxg5 18. Ne2 Nf6 19. Ng3 Nh5 20. Kh2 Nf4 21. Rce1 h5 22. Rg1 Qh4 23. Nf5 Qf6 24. Re3 Bxf5 25. exf5 h4 26. Be2 Nxe2 27. Rxe2 Rfe8 28. Qe4 Kf8 29. g4 hxg3+ 30. Rxg3 Ke7 31. Rb3 Kd7 32. a5 Qg5 33. Ree3 Rh8 34. Rg3 Qf6 35. Qg4 Rhg8 36. Qg5 Qxg5 37. Rxg5 Ke7 38. h4 f6 39. Rg6 Kf7 40. Rb6 Rgd8 41. h5 Rh8 42. Kg3 Rxh5 43. Kg4 Rh6 44. Rxh6 gxh6 45. Rxd6 Rg8+ 46. Kf3 Rg5 47. Ke4 Ke7 48. Rb6 h5 49. Rxb7+ Kd8 50. Rh7 Rg4+ 51. Kf3 Rxc4 52. Rxh5 Ra4 53. Rh8+ Ke7 54. Rh7+ Kd6 55. Rh6 Rf4+ 56. Ke3 Rxf5 57. f3 Kxd5 58. Rh4 c4 59. Re4 Kc5 60. Rh4 Kb4 61. Rh2 Kxa5 62. Rc2 Kb4 63. Rc3 a5 64. Ra3 a4 65. Ke4 Rf4+ 66. Ke3 Rd4 67. Rc3 Rd3+ 68. Rxd3 cxd3 69. Kxd3 Kb3 70. Ke4 Kxb2 71. Kf5 a3 72. Kxf6 a2 73. Kxe5 a1Q 74. f4 Kc2+ 75. Ke6 0-1

[Event "Hamburg-chB"]
[Site "Hamburg"]
[Date "2017.06.10"]
[Round "6"]
[White "Schmidt, Aliyah Renee"]
[Black "Kibilka, Ulrich"]
[Result "1-0"]
[WhiteElo "1260"]
[BlackElo "1178"]
[PlyCount "87"]
[EventDate "2017.06.03"]
[EventType "swiss"]
[EventRounds "6"]
[EventCountry "GER"]
[SourceTitle "CBM 179 Extra"]
[Source "ChessBase"]
[SourceDate "2017.08.23"]
[SourceVersion "1"]
[SourceVersionDate "2017.08.23"]
[SourceQuality "1"]

1. e4 c5 2. Nc3 e6 3. g3 Nc6 4. Bg2 a6 5. d3 Qc7 6. f4 d6 7. Nf3 Nf6 8. 0-0 Be7 9. Be3 Ng4 10. Bd2 Nf6 11. Be3 Ng4 12. Bd2 Nf6 13. h3 0-0 14. g4 h6 15. Be3 Nh7 16. Qd2 f5 17. exf5 exf5 18. Nd5 Qd8 19. Nxe7+ Nxe7 20. g5 hxg5 21. fxg5 Nd5 22. Bf2 f4 23. h4 Ne7 24. Qc3 Ng6 25. d4 b6 26. dxc5 bxc5 27. Qc4+ Kh8 28. Qd5 Rb8 29. Rad1 Rb6 30. Bxc5 Bb7 31. Bxb6 Qxb6+ 32. Qd4 Qa5 33. Qxd6 Bxf3 34. Bxf3 Nxh4 35. g6 Qg5+ 36. Kh1 Nxg6 37. Be4 Qh4+ 38. Kg1 Qg3+ 39. Bg2 Ng5 40. Rd3 Nh3+ 41. Kh1 Nf2+ 42. Rxf2 Qxf2 43. Qxg6 Qh4+ 44. Rh3 1-0

[Event "Hamburg-chB"]
[Site "Hamburg"]
[Date "2017.06.03"]
[Round "1"]
[White "Kibilka, Ulrich"]
[Black "Grotrian, Pauline"]
[Result "1-0"]
[WhiteElo "1178"]
[BlackElo "877"]
[PlyCount "85"]
[EventDate "2017.06.03"]
[EventType "swiss"]
[EventRounds "6"]
[EventCountry "GER"]
[SourceTitle "CBM 179 Extra"]
[Source "ChessBase"]
[SourceDate "2017.08.23"]
[SourceVersion "1"]
[SourceVersionDate "2017.08.23"]
[SourceQuality "1"]

1. e4 e5 2. Nf3 Nc6 3. g3 Nf6 4. d3 Bc5 5. Bg2 d6 6. 0-0 Bd7 7. Qe2 Qc8 8. a3 Bh3 9. c3 Qd7 10. b4 Bb6 11. Be3 Bxe3 12. Qxe3 0-0 13. Nbd2 Rfe8 14. Ng5 Bxg2 15. Kxg2 h6 16. Ngf3 d5 17. Qe2 Rad8 18. Nb3 b6 19. Rad1 Qc8 20. Nh4 dxe4 21. dxe4 Ne7 22. Nd2 c5 23. Nc4 b5 24. Nd6 Qc6 25. Nxe8 Rxe8 26. f3 cxb4 27. cxb4 a6 28. Rc1 Qb6 29. Rc2 Nc6 30. Qf2 Qb7 31. Nf5 Rd8 32. Rfc1 Nd4 33. Rc7 Qb8 34. Qa2 Rf8 35. Ne7+ Kh7 36. Rc8 Rxc8 37. Nxc8 Ne8 38. Qxf7 Nd6 39. Nxd6 Qxd6 40. Rc7 Qg6 41. Qe7 h5 42. Qxe5 Nb3 43. Qb2 1-0

[Event "Hamburg-ch Seniors 21st"]
[Site "Hamburg"]
[Date "2014.11.04"]
[Round "7"]
[White "Kibilka, Ulrich"]
[Black "Wang, Huanying"]
[Result "1-0"]
[WhiteElo "1204"]
[BlackElo "874"]
[PlyCount "117"]
[EventDate "2014.10.29"]
[EventType "swiss"]
[EventRounds "9"]
[EventCountry "GER"]
[SourceTitle "EXT 2018"]
[Source "ChessBase"]
[SourceDate "2017.10.13"]
[SourceVersion "1"]
[SourceVersionDate "2017.10.13"]
[SourceQuality "1"]

1. Nf3 Nc6 2. d4 d5 3. Bg5 Qd6 4. c3 e5 5. dxe5 Nxe5 6. e3 Bg4 7. Be2 f6 8. Bf4 Qb6 9. Nxe5 Bxe2 10. Qxe2 fxe5 11. Bxe5 Ne7 12. 0-0 Ng6 13. Bd4 Qe6 14. Re1 c5 15. Bxc5 Bxc5 16. Qb5+ Qc6 17. Qe2 0-0 18. Nd2 Rae8 19. Rac1 h6 20. Nb3 Bd6 21. Nd4 Qd7 22. Qh5 Ne5 23. Red1 Ng4 24. Nf3 Kh7 25. Qxd5 Nf6 26. Qf5+ Kg8 27. Qxd7 Nxd7 28. Rxd6 Re7 29. Rcd1 Nc5 30. Rd8 Ne6 31. Rxf8+ Kxf8 32. Ne5 Rc7 33. Rd7 Rxd7 34. Nxd7+ Ke7 35. Ne5 Kd6 36. f4 h5 37. Kf2 a5 38. Nc4+ Kd5 39. Nxa5 Nc5 40. Nb3 Na4 41. Nd2 Nxb2 42. e4+ Ke6 43. c4 Na4 44. Ke3 Nc5 45. Kd4 b6 46. Nb3 Nb7 47. c5 b5 48. c6 Nd6 49. Nc5+ Ke7 50. Nb7 Nc8 51. Kc5 Na7 52. Nd6 Kd8 53. e5 g6 54. Kb6 Nc8+ 55. Nxc8 Kxc8 56. Kxb5 Kc7 57. e6 Kd8 58. Kb6 Kc8 59. e7 1-0

[Event "Hamburg-chB"]
[Site "Hamburg"]
[Date "2014.06.09"]
[Round "3"]
[White "Kibilka, Ulrich"]
[Black "Krueger, Dietrich"]
[Result "1/2-1/2"]
[WhiteElo "1292"]
[BlackElo "916"]
[PlyCount "102"]
[EventDate "2014.06.07"]
[EventType "swiss"]
[EventRounds "7"]
[EventCountry "GER"]
[SourceTitle "CBM 161 Extra"]
[Source "ChessBase"]
[SourceDate "2014.08.29"]
[SourceVersion "1"]
[SourceVersionDate "2014.08.29"]
[SourceQuality "1"]

1. Nf3 d5 2. d4 Bf5 3. c4 e6 4. Nc3 c6 5. Bf4 Bd6 6. Bxd6 Qxd6 7. e3 Ne7 8. c5 Qc7 9. Be2 h5 10. Bd3 Nd7 11. Bxf5 Nxf5 12. a4 e5 13. Nxe5 Nxe5 14. dxe5 Qxe5 15. 0-0 0-0-0 16. Re1 g5 17. Ne2 Qg7 18. b4 h4 19. b5 Rh6 20. bxc6 Rxc6 21. Nd4 Nxd4 22. exd4 f5 23. Re5 Qf6 24. Qd3 f4 25. Rae1 g4 26. Rf5 Qh6 27. Ree5 f3 28. Qe3 Qh7 29. g3 Rh6 30. Qf4 hxg3 31. Qxg3 Rh8 32. Qf4 Qg7 33. Rf7 Qg8 34. Qf5+ Kb8 35. Qd7 Qc8 36. Kf1 Qxd7 37. Rxd7 R6h7 38. Rxh7 Rxh7 39. Rg5 Rxh2 40. Ke1 Rh1+ 41. Kd2 Rg1 42. Rxd5 Rg2 43. Ke3 g3 44. Kxf3 Rxf2+ 45. Kxg3 Ra2 46. Kf4 Rxa4 47. Ke4 Kc7 48. Rf5 Ra5 49. Kd3 b6 50. cxb6+ axb6 51. Rxa5 bxa5 1/2-1/2

[Event "Hamburg Seniors-ch 20th"]
[Site "Hamburg"]
[Date "2013.11.06"]
[Round "8"]
[White "Kibilka, Ulrich"]
[Black "Funke, Hermann"]
[Result "1/2-1/2"]
[WhiteElo "1233"]
[BlackElo "1574"]
[PlyCount "76"]
[EventDate "2013.10.30"]
[EventType "swiss"]
[EventRounds "9"]
[EventCountry "GER"]
[SourceTitle "EXT 2015"]
[Source "ChessBase"]
[SourceDate "2014.11.20"]
[SourceVersion "1"]
[SourceVersionDate "2014.11.20"]
[SourceQuality "1"]

1. Nf3 Nf6 2. d4 d5 3. Bf4 Bf5 4. c4 e6 5. Nc3 Bb4 6. e3 h6 7. Be2 Ne4 8. Qb3 Nc6 9. 0-0 Qc8 10. cxd5 exd5 11. Nxd5 Bd6 12. Bxd6 cxd6 13. Rfc1 Qd7 14. Qa4 0-0 15. Bb5 Rac8 16. Nb4 d5 17. Nxc6 bxc6 18. Bxc6 Qc7 19. Qd1 Qd6 20. Ba4 Bg4 21. h3 Bxf3 22. Qxf3 Nd2 23. Qf5 Nc4 24. Bd1 g6 25. Qg4 f5 26. Qf4 Qxf4 27. exf4 Nxb2 28. Bb3 Nc4 29. Re1 Rfe8 30. Ba4 Re4 31. Rxe4 fxe4 32. Rc1 Kf7 33. g4 Ke6 34. Kh2 Rf8 35. Kg3 Kd6 36. Bb3 Rc8 37. h4 Ke6 38. Ba4 Kd6 1/2-1/2

[Event "Hamburg Seniors op 19th"]
[Site "Hamburg"]
[Date "2012.10.31"]
[Round "8"]
[White "Graffenberger, Marianne"]
[Black "Kibilka, Ulrich"]
[Result "1/2-1/2"]
[WhiteElo "1149"]
[BlackElo "1281"]
[PlyCount "81"]
[EventDate "2012.10.24"]
[EventType "swiss"]
[EventRounds "9"]
[EventCountry "GER"]
[SourceTitle "EXT 2015"]
[Source "ChessBase"]
[SourceDate "2014.11.20"]
[SourceVersion "1"]
[SourceVersionDate "2014.11.20"]
[SourceQuality "1"]

1. e4 e6 2. d4 d5 3. exd5 exd5 4. Nf3 Nf6 5. c3 Bd6 6. Bg5 Nbd7 7. Bd3 0-0 8. 0-0 h6 9. Bh4 c6 10. Nbd2 Re8 11. Re1 b5 12. b4 a5 13. a3 Qc7 14. Qc2 Qd8 15. Rxe8+ Qxe8 16. Re1 Qd8 17. Ne5 Qe8 18. f4 Bxe5 19. fxe5 Nh5 20. e6 Nf8 21. exf7+ Qxf7 22. Re7 Qf4 23. Bf2 Qf6 24. Re5 Nf4 25. Nf3 Nxd3 26. Qxd3 Bd7 27. Bh4 g5 28. Bf2 Ng6 29. Re1 a4 30. Bg3 Rf8 31. Ne5 Bf5 32. Qd2 Be4 33. Ng4 Qg7 34. Ne5 Qf6 35. Nd7 Qf7 36. Nxf8 Qxf8 37. Rf1 Qe7 38. Qf2 Bd3 39. Re1 Be4 40. Rf1 Bd3 41. Re1 1/2-1/2

[Event "Hamburg Seniors op 19th"]
[Site "Hamburg"]
[Date "2012.10.24"]
[Round "1"]
[White "Dangelowski, Peter"]
[Black "Kibilka, Ulrich"]
[Result "1-0"]
[WhiteElo "1716"]
[BlackElo "1281"]
[PlyCount "35"]
[EventDate "2012.10.24"]
[EventType "swiss"]
[EventRounds "9"]
[EventCountry "GER"]
[SourceTitle "EXT 2015"]
[Source "ChessBase"]
[SourceDate "2014.11.20"]
[SourceVersion "1"]
[SourceVersionDate "2014.11.20"]
[SourceQuality "1"]

1. d4 Nf6 2. Bf4 e6 3. e3 d5 4. Bd3 c6 5. Nd2 Nbd7 6. h3 Be7 7. Ngf3 a6 8. 0-0 0-0 9. Re1 Re8 10. e4 dxe4 11. Nxe4 Nxe4 12. Bxe4 Nf6 13. Bd3 Bd6 14. Ne5 Be7 15. c3 Nd7 16. Bxh7+ Kf8 17. Qh5 Nxe5 18. dxe5 1-0

[Event "Hamburg-chA"]
[Site "Hamburg"]
[Date "2012.06.01"]
[Round "7"]
[White "Kibilka, Ulrich"]
[Black "Kazemi Sresht, Rahim"]
[Result "1/2-1/2"]
[WhiteElo "1545"]
[BlackElo "1501"]
[PlyCount "98"]
[EventDate "2012.05.26"]
[EventType "swiss"]
[EventRounds "9"]
[EventCountry "GER"]
[SourceTitle "CBM 148 Extra"]
[Source "ChessBase"]
[SourceDate "2012.06.22"]
[SourceVersion "1"]
[SourceVersionDate "2012.06.22"]
[SourceQuality "1"]

1. Nf3 g6 2. d4 d5 3. Bg5 Bg7 4. c3 Nf6 5. Nbd2 Bf5 6. Nh4 Bd7 7. Nhf3 c6 8. Ne5 0-0 9. Nxd7 Nbxd7 10. e3 c5 11. Be2 e5 12. dxe5 Nxe5 13. 0-0 Qc8 14. f4 Neg4 15. Bxg4 Nxg4 16. Rf3 d4 17. Nf1 Re8 18. exd4 cxd4 19. cxd4 Re4 20. Rd3 Qe6 21. h3 Ne3 22. Nxe3 Rxe3 23. Kh1 Re8 24. Bh4 Qd5 25. Rxe3 Rxe3 26. Bf2 Rxh3+ 27. Kg1 Rh5 28. Qd2 g5 29. Re1 Qd6 30. Re8+ Bf8 31. Qe2 Rh6 32. Qg4 Rg6 33. Re5 gxf4 34. Qxf4 Qc6 35. Rg5 Bd6 36. Rxg6+ fxg6 37. Qd2 Qd5 38. b3 Qh5 39. Qe3 Qh2+ 40. Kf1 Qh1+ 41. Ke2 Qxg2 42. Qe6+ Kg7 43. Qxd6 Qe4+ 44. Kd2 Qg2 45. Qe5+ Kf7 46. Qe2 Qg5+ 47. Be3 Qa5+ 48. Kd1 h5 49. Qf3+ Ke6 1/2-1/2

[Event "Hamburg-chA"]
[Site "Hamburg"]
[Date "2012.05.30"]
[Round "5"]
[White "Kibilka, Ulrich"]
[Black "Weisshorn, Lasse"]
[Result "1-0"]
[WhiteElo "1545"]
[BlackElo "931"]
[PlyCount "101"]
[EventDate "2012.05.26"]
[EventType "swiss"]
[EventRounds "9"]
[EventCountry "GER"]
[SourceTitle "CBM 148 Extra"]
[Source "ChessBase"]
[SourceDate "2012.06.22"]
[SourceVersion "1"]
[SourceVersionDate "2012.06.22"]
[SourceQuality "1"]

1. Nf3 Nf6 2. d4 d5 3. Bg5 e6 4. Nbd2 c5 5. e3 Bd7 6. c3 c4 7. Be2 Be7 8. 0-0 0-0 9. Ne5 Bb5 10. f4 Qc7 11. Kh1 Nc6 12. Ndf3 Nxe5 13. Nxe5 Ne4 14. Bxe7 Qxe7 15. Qe1 f5 16. Rg1 Rf6 17. g4 fxg4 18. Nxg4 Rg6 19. Bf3 Nf6 20. Qh4 Nxg4 21. Rxg4 Qxh4 22. Rxh4 a5 23. Rg1 Rxg1+ 24. Kxg1 Bc6 25. Bg4 Re8 26. Kf2 b5 27. a3 Bd7 28. Ke2 Rb8 29. Kd2 b4 30. cxb4 axb4 31. axb4 Rxb4 32. Kc1 g6 33. Bd1 Ba4 34. Bg4 Rb6 35. Rh3 h5 36. Be2 Bb3 37. Rg3 Kf7 38. Rg2 Ra6 39. Kb1 Kf6 40. Bf3 Ra2 41. e4 c3 42. bxc3 Rxg2 43. Bxg2 g5 44. fxg5+ Kxg5 45. Kb2 Bc4 46. Kc2 Kf4 47. e5 Ke3 48. Bh3 Bd3+ 49. Kb2 Kf2 50. Bxe6 Kg2 51. h3 1-0

[Event "Hamburg-chA"]
[Site "Hamburg"]
[Date "2011.10.05"]
[Round "5.8"]
[White "Kibilka, Ulrich"]
[Black "Krause, Volker"]
[Result "1-0"]
[WhiteElo "1281"]
[BlackElo "991"]
[PlyCount "85"]
[EventDate "2011.10.09"]
[EventType "swiss"]
[EventRounds "9"]
[EventCountry "GER"]
[SourceTitle "EXT 2012"]
[Source "ChessBase"]
[SourceDate "2011.11.24"]
[SourceVersion "1"]
[SourceVersionDate "2011.11.24"]
[SourceQuality "1"]

1. Nf3 c5 2. c3 d6 3. d4 cxd4 4. cxd4 Nf6 5. Bg5 Bf5 6. Nc3 h6 7. Bxf6 exf6 8. e3 d5 9. Qb3 Be6 10. Bb5+ Nc6 11. 0-0 a6 12. Bd3 b5 13. a3 Be7 14. Rac1 Qd7 15. Qc2 g6 16. Ne2 Rc8 17. b4 Nxd4 18. Qxc8+ Qxc8 19. Rxc8+ Bxc8 20. Nfxd4 0-0 21. Rc1 Bd6 22. e4 dxe4 23. Bxe4 Re8 24. Bf3 f5 25. g3 g5 26. Rc6 g4 27. Bxg4 fxg4 28. Rxd6 Kg7 29. Rb6 Kh8 30. Rb8 Bd7 31. Rxe8+ Bxe8 32. Nf4 Bd7 33. Kg2 f6 34. h3 gxh3+ 35. Nxh3 Kg7 36. f4 Kg6 37. Nf2 f5 38. Nd3 h5 39. Ne5+ Kf6 40. Nxd7+ Kg6 41. Nb8 Kf6 42. Nxa6 Kg6 43. Nxb5 1-0